Stanzereitechnik. Band 2 : Umformende Werkzeuge /

Gespeichert in:
Bibliographische Detailangaben
1. Verfasser: Hilbert, Heinrich L (Verfasst von)
Format: Buch
Sprache:Deutsch
Veröffentlicht: München : Carl Hanser Verlag, 1970
Schlagworte:
Tags: Tag hinzufügen
Keine Tags, Fügen Sie das erste Tag hinzu!

MARC

LEADER 00000nam a22000003a 4500
001 stu36821
005 20150617225726.9
008 920619s1970----gw------------------ger-d
040 |a STU  |b slo 
041 0 |a ger 
044 |a gw 
080 |a 621.979 
100 1 |a Hilbert, Heinrich L  |4 aut 
245 1 |a Stanzereitechnik. Band 2 :  |b Umformende Werkzeuge /  |c [aut.]Heinrich L. Hilbert 
260 |a München :  |b Carl Hanser Verlag,  |c 1970 
300 |a 424 s 
650 7 |a lisy  |2 stusub 
996 |b 284M062075  |c M*3109/2-1  |l MMKN  |s A  |a 24  |w stu36821_0001